عرض عادي
عرض مارك
- Breast
مدخل مصطلح موضوعي
001 - رقم الضبط
- حقل الضبط: 118484
003 - معرف رقم الضبط
- حقل الضبط: OSt
005 - تاريخ ووقت أخر عملية
- حقل الضبط: 20241021142356.0
008 - عناصر بيانات ثابتة الطول
- حقل تحكم ثابت الطول: 241021|| aca||aabn | a|a d
040 ## - مصدر الفهرسة
- هيئة الفهرسة الأصلية: OSt
- وكالة الكتابة: OSt
150 ## - مدخل-- مصطلح تاريخي
- عنصر مدخل المصطلح الموضوعي او الاسم الجغرافي: Breast
670 ## - بيانات المصدر موجوده
- الاستشهاد بالمصدر: Work cat.: (OSt): Al Zahrani, Riyadh Mohammed A. 118483, Early detection of breast cancer using advanced infrared thermography and classification using convolutional neural networks =
